Farm management (Record no. 9989)

000 -LEADER
fixed length control field 00228nam a22001217a 4500
040 ## - CATALOGING SOURCE
Transcribing agency HS
082 ## - DEWEY DECIMAL CLASSIFICATION NUMBER
Classification number 630
100 ## - MAIN ENTRY--AUTHOR NAME
Personal name DHONDYAL
245 ## - TITLE STATEMENT
Title Farm management
260 ## - PUBLICATION, DISTRIBUTION, ETC. (IMPRINT)
Place of publication India
Name of publisher DHONDYAL
Year of publication 1991
300 ## - PHYSICAL DESCRIPTION
Number of Pages 463p;
942 ## - ADDED ENTRY ELEMENTS (KOHA)
Koha item type សៀវភៅភាសាអង់គ្លេស
952 ## - LOCATION AND ITEM INFORMATION (KOHA)
Withdrawn status [LOCAL, KOHA] 0
952 ## - LOCATION AND ITEM INFORMATION (KOHA)
Withdrawn status [LOCAL, KOHA] 0
952 ## - LOCATION AND ITEM INFORMATION (KOHA)
Withdrawn status [LOCAL, KOHA] 0
Holdings
Permanent Location Date acquired Koha item type Lost status Shelving location Barcode Current Location Full call number
Library Block C2016-09-16សៀវភៅភាសាអង់គ្លេស C247A02587Library Block C630 DHO 1991 C247
Library Block C2016-09-16សៀវភៅភាសាអង់គ្លេស C247A01635Library Block C630 DHO 1991 C247
Library Block C2016-09-16សៀវភៅភាសាអង់គ្លេស C247RUA056505Library Block C630 DHO 1991 C247
មជ្ឈមណ្ឌលឯការនៃសាកលវិទ្យាល័យភូមិន្ទកសិកម្មចំការដូង

Powered by Koha